Sciences A-Z Picture Quiz - Statistics

General Stats
  • This quiz has been taken 215 times
  • The average score is 14 of 24
Answer Stats
Picture Hint Answer % Correct
A Astronomy
98%
B Botany
93%
C Chemistry
93%
M Mathematics
88%
G Geography
85%
N Neurology
83%
Z Zoology
81%
F Finance
75%
P Psychology
72%
Q Quantum theory/physics/mechanics
72%
R Radiology
66%
V Virology
60%
L Law
59%
U Urbanology
53%
D Demography
49%
O Ornithology
43%
E Entomology
40%
K Kinesiology
40%
T Toxicology
39%
J Japanology
31%
I Ichthyology
25%
S Sinology
24%
H Hippology
7%
X Xylology
4%
No matching quizzes found
Score Distribution
Percent of People with Each Score
Percentile by Number Answered
Your Score History
You have not taken this quiz